Normal view
MARC view
- Customs administration
Entry Topical Term
001 - CONTROL NUMBER
- control field: 4041
003 - CONTROL NUMBER IDENTIFIER
- control field: OSt
005 - DATE AND TIME OF LATEST TRANSACTION
- control field: 20170512150111.0
008 - FIXED-LENGTH DATA ELEMENTS
- fixed length control field: 170512|| aca||aabn | a|a d
040 ## - CATALOGING SOURCE
- Original cataloging agency: OSt
- Transcribing agency: OSt
150 ## - HEADING--TOPICAL TERM
- Topical term or geographic name entry element: Customs administration
- General subdivision: Law and legislation
- Geographic subdivision: Malaysia
670 ## - SOURCE DATA FOUND
- Source citation: Work cat.: (OSt): Malaysia Kastam Diraja Malaysia 2857, Akta Kastam 1967:Perintah Duti Kastam ( Barang-Barang Berasal Dari Negeri-Negeri ASEAN) (Tatanama Tarif Berharmonis ASEAN dan Perjanjian Perdagangan Barangan ASEAN) 2012.[P.U.(A) 277/2012] , 2012.

PORTAL AKMAL
E-MEL JKDM
AKMAL2U
G-BAM
u-PUSTAKA